Champions du monde de Formule 1 - Statistiques

Statistiques générales
  • Ce quiz a été pris 1 664 fois
  • Le résultat moyen est 47 sur 72
Statistiques - réponses
Hint Réponse % Correct
2020 Hamilton
99%
2021 Verstappen
99%
2019 Hamilton
98%
2018 Hamilton
98%
2017 Hamilton
98%
2015 Hamilton
96%
2014 Hamilton
96%
2016 Rosberg
93%
2013 Vettel
93%
2012 Vettel
93%
2011 Vettel
93%
2010 Vettel
92%
2008 Hamilton
88%
2006 Alonso
87%
2005 Alonso
86%
2002 Schumacher
86%
2001 Schumacher
86%
2000 Schumacher
86%
2004 Schumacher
85%
2003 Schumacher
85%
2009 Button
84%
2007 Raikkonen
84%
1997 Villeneuve
76%
1999 Hakkinen
75%
1995 Schumacher
75%
1994 Schumacher
75%
1991 Senna
75%
1990 Senna
75%
1993 Prost
74%
1989 Prost
74%
1988 Senna
74%
1998 Hakkinen
73%
1986 Prost
70%
1985 Prost
68%
1996 Hill
67%
1984 Lauda
62%
1992 Mansell
62%
1951 Fangio
61%
1987 Piquet
61%
1954 Fangio
60%
1956 Fangio
59%
1955 Fangio
59%
1953 Ascari
56%
1952 Ascari
56%
1950 Farina
56%
1957 Fangio
55%
1983 Piquet
55%
1977 Lauda
50%
1975 Lauda
49%
1982 Rosberg
49%
1976 Hunt
48%
1981 Piquet
48%
1980 Jones
43%
1974 Fittipaldi
42%
1972 Fittipaldi
41%
1973 Stewart
41%
1962 Hill
40%
1971 Stewart
40%
1978 Andretti
39%
1979 Scheckter
39%
1969 Stewart
39%
1968 Hill
38%
1961 Hill
38%
1960 Brabham
37%
1965 Clark
37%
1963 Clark
37%
1959 Brabham
36%
1958 Hawthorn
36%
1970 Rindt
36%
1966 Brabham
34%
1967 Hulm
34%
1964 Surtees
33%
Aucun quiz correspondant
Distribution des résultats
% des personnes avec chaque résultat
Percentile par nombre de réponses
Votre historique - résultats
Vous n’avez pas pris ce quiz